Statistics for Maine Superlatives

Click here to take the quiz!

General Stats

  • This quiz has been taken 12 times
  • The average score is 8 of 13

Answer Stats

HintAnswer% Correct
Largest CityPortland
92%
Busiest AirportPortland International Jetport
92%
Highest PointMt. Katahdin
83%
Largest County (Area)Aroostook
75%
Largest County (Population)Cumberland
75%
Largest Natural LakeMoosehead Lake
75%
Largest four-year college or university campus (by total enrollment)University of Maine
75%
Largest IslandMount Desert Island
58%
Oldest continuously inhabited settlementKittery
50%
Longest RiverSt. John
50%
All-Time Highest Recorded Temperature (°F)105°F (North Bridgton)
42%
All-Time Lowest Recorded Temperature (°F)-50°F (Big Black River)
42%
Largest Man-Made LakeChesuncook Lake
0%

Score Distribution

Percentile by Number Answered

Percent of People with Each Score

Your Score History

You have not taken this quiz